000 00329 a2200157 4500
001 155424
040 _cEscola São Tomás de Aquino
100 _aROCHA, Gladys
240 1 0 _aPortuguês
_lpor
245 1 0 _aPortuguês
300 _a160
362 0 _a1999
440 1 _aModerna
697 _aLíngua portuguesa
942 _cBK
999 _c155424
_d155424